| 000 | 00738nam a2200217Ii 4500 | ||
|---|---|---|---|
| 003 | JO-AjNU | ||
| 008 | 230605s9999||||xx |||||||||||||| ||und|| | ||
| 017 | _a2003/3/379 | ||
| 040 |
_aJO-AjNU _bara _erda _cJO-AjNU |
||
| 041 | _aara | ||
| 050 | 1 | 4 | _aHG221.B5238 2005 |
| 100 | 3 |
_aتأليف: البديري، حسين جميل, _eauthor _927553 |
|
| 245 | 0 | 0 | _aالبنوك: مدخل اداري ومحاسبي |
| 250 | _aط1 | ||
| 264 | 3 | 1 | _aعمان: مؤسسة الوراق للنشر والتوزيع، 2005 |
| 300 |
_a323ص _bيحتوي على ببلوغرافية من 321-323ص |
||
| 336 |
_atext _btxt _2rdacontent |
||
| 337 |
_aunmediated _bn _2rdamedia |
||
| 338 |
_avolume _bnc _2rdacarrier |
||
| 650 | 4 |
_aالبنوك _927554 |
|
| 999 |
_aA10581 _c14149 _d14149 |
||